Najczęściej używane bronie CS:GO - Statystyki

Ogólne statystyki
  • Ten quiz został rozwiązany 645 razy
  • Średni wynik to 7 z 10
Statystyki odpowiedzi
Miejsce Broń % Poprawnych
1 Ak-47
99%
4 M4A1-S
96%
3 AWP
95%
7 USP-S
95%
2 Glock-18
91%
8 M4A4
86%
6 Deagle
70%
5 P90
59%
9 MP5
31%
10 Flash
10%
Nie znaleziono quizów pasujących do podanych kryteriów
Rozkład punktacji
Procent ludzi z każdym wynikiem
Percentyl według liczby udzielonych odpowiedzi
Twoja historia wyników
Nie rozwiązałeś tego quizu